Drapeaux des pays 197 à 205 - Statistiques

Statistiques générales
  • Ce quiz a été pris 272 fois
  • Le résultat moyen est 4 sur 9
Statistiques - réponses
Par images Réponse % Correct
Groenland
80%
Palestine
80%
Îles Féroé
64%
Îles Cook
63%
Niue
41%
Aruba
36%
Sahara occidental
36%
Curaçao
30%
Sint Maarten
12%
Aucun quiz correspondant
Distribution des résultats
% des personnes avec chaque résultat
Percentile par nombre de réponses
Votre historique - résultats
Vous n’avez pas pris ce quiz